000
00421nam a2200133Ia 4500
008
100328s9999 xx 000 0 und d
082
_b
36883
100
_a
पाटेकर श्रीकांत
245
_a
भ्रष्टाचार
260
_b
डायमंड पॉकेट बुक्स
630
_a
भ्रष्टाचार
730
_a
भ्रष्टाचार
942
_c
BOOK
999
_c
526447
_d
526444